| 000 | 00345nam a2200145Ia 4500 | ||
|---|---|---|---|
| 005 | 20250402014238.0 | ||
| 008 | 240331s9999 xx 000 0 und d | ||
| 082 |
_bTHI _a894 |
||
| 100 | _aThillainathan, P | ||
| 245 | 0 | _aYuthathai thinpom | |
| 260 |
_aScarborough _bAruvi Publications _c1999 |
||
| 300 | _a44 p ., | ||
| 650 | _aPoems | ||
| 942 | _cL | ||
| 999 |
_c4157 _d4157 |
||